<?xml version="1.0" encoding="UTF-8"?>
<marc:record xmlns:marc="http://www.loc.gov/MARC21/slim">
   <marc:leader>00000nam a2200000 a 4500</marc:leader>
   <marc:datafield ind1="1" ind2=" " tag="100">
      <marc:subfield code="a">Hoeder, Ciani-Sophia</marc:subfield>
      <marc:subfield code="4">aut</marc:subfield>
      <marc:subfield code="e">Verfasser/-in</marc:subfield>
   </marc:datafield>
   <marc:datafield ind1="0" ind2="0" tag="245">
      <marc:subfield code="a">Ökorassismus</marc:subfield>
   </marc:datafield>
   <marc:datafield ind1="0" ind2="0" tag="245">
      <marc:subfield code="b">wie Weiße unsere Welt zerstören</marc:subfield>
   </marc:datafield>
   <marc:datafield ind1="0" ind2="0" tag="245">
      <marc:subfield code="c">Ciani-Sophia Hoeder</marc:subfield>
   </marc:datafield>
   <marc:datafield ind1=" " ind2="1" tag="264">
      <marc:subfield code="a">Berlin</marc:subfield>
      <marc:subfield code="b">hanserblau</marc:subfield>
      <marc:subfield code="c">2025</marc:subfield>
   </marc:datafield>
   <marc:datafield ind1=" " ind2=" " tag="250">
      <marc:subfield code="a">1. Auflage</marc:subfield>
   </marc:datafield>
   <marc:datafield ind1="1" ind2=" " tag="520">
      <marc:subfield code="a">Wer zahlt den wahren Preis für unsere Umweltkrise? Ciani-Sophia Hoeder über die Verflechtungen zwischen ökologischer Ungerechtigkeit und Rassismus

Ob eine Person neben einer Mülldeponie oder im Grünen lebt, indigene Gemeinschaften zugunsten des westlichen Konsums enteignet oder durch »green gentrification« ganze Personengruppen verdrängt werden – all das ist kein Zufall, dahinter steckt Ökorassismus. Auch die fortschreitende Erderwärmung trifft systematisch People of Color, während der weiße Westen von einem Lebensstil profitiert, der die Welt an den Abgrund bringt.

Eindrücklich zeigt Ciani-Sophia Hoeder, warum Bambuszahnbürsten die Welt nicht retten und was hinter »grünen Nazis« steckt. Ein Buch über die oft unsichtbaren Zusammenhänge zwischen Ökologie und Rassismus – aufrüttelnd, persönlich und hochaktuell.
</marc:subfield>
   </marc:datafield>
   <marc:datafield ind1=" " ind2=" " tag="020">
      <marc:subfield code="a">9783446284302</marc:subfield>
      <marc:subfield code="9">9783446284302</marc:subfield>
   </marc:datafield>
   <marc:datafield ind1=" " ind2=" " tag="020">
      <marc:subfield code="a">3446284303</marc:subfield>
      <marc:subfield code="9">3446284303</marc:subfield>
   </marc:datafield>
   <marc:datafield ind1=" " ind2=" " tag="041">
      <marc:subfield code="a">ger</marc:subfield>
   </marc:datafield>
   <marc:datafield ind1=" " ind2=" " tag="300">
      <marc:subfield code="a">154 Seiten</marc:subfield>
   </marc:datafield>
</marc:record>
